000 00406nam a22001697a 4500
003 macl
005 20221221155913.0
008 221221b |||||||| |||| 00| 0 eng d
040 _cmacl
050 _a900
100 _aVatsyayan,Kapila
245 _aThe Cultural Heritage Of India
250 _aVolume VII
260 _aBelur Math
_b Ramakrishna Mission
_c2013
650 _aHistory
942 _2ddc
_cBK
999 _c65788
_d65788